[Event "JUG-ch 57th"]
[Site "Banja Koviljaca"]
[Date "2002.03.19"]
[Round "4"]
[White "Kovacevic, Aleksandar"]
[Black "Popovic, Petar"]
[Result "1/2-1/2"]
[WhiteElo "2549"]
[BlackElo "2533"]
[PlyCount "41"]
[EventDate "2002.03.16"]
[Source "ChessBase"]
[SourceDate "2002.08.12"]

1. e4 c5 2. Nf3 d6 3. d4 cxd4 4. Nxd4 Nf6 5. Nc3 Nc6 6. f3 Nxd4 7. Qxd4 g6 8. Be3 Bg7 9. Bc4 O-O 10. Qd2 Be6 11. Bxe6 fxe6 12. Ne2 Rc8 13. O-O Qc7 14. Nf4 Qxc2 15. Nxe6 Qxd2 16. Bxd2 Rfe8 17. Nxg7 Kxg7 18. Bc3 Kf7 19. Rad1 Rc4 20. e5 dxe5 21. Bxe5 1/2-1/2

[Event "Camp. irlandese 2008"]
[Site "Dublino IRL"]
[Date "2008.07.12"]
[Round "8"]
[White "Conquest, S."]
[Black "Greenfeld, A."]
[Result "0-1"]
[WhiteElo "2536"]
[BlackElo "2545"]
[PlyCount "142"]
[EventDate "2008.07.05"]
[Source "www.chesslib.no"]
[SourceDate "2004.05.04"]

1. e4 c5 2. Nf3 d6 3. d4 cxd4 4. Nxd4 Nf6 5. Nc3 Nc6 6. h3 e6 7. Be3 Be7 8. g4 O-O 9. Bg2 Nxd4 10. Qxd4 e5 11. Qd2 Be6 12. O-O a6 13. a4 Rc8 14. a5 h6 15. Rfd1 Qc7 16. Bb6 Qc6 17. Rdc1 Bd7 18. Ra3 Rce8 19. Rb3 Qc4 20. Re1 Be6 21. Nd5 Nxd5 22. exd5 Bd7 23. Re4 Qc8 24. Rc3 Qb8 25. Bc7 Qa8 26. Rb4 f5 27. Rcb3 Rc8 28. Bb6 Bg5 29. Qe2 Rf7 30. c4 fxg4 31. hxg4 Rf4 32. Be3 Bxg4 33. f3 Bh5 34. Rxb7 Rfxc4 35. Ra7 Rc1+ 36. Kh2 Bf4+ 37. Bxf4 Qxa7 38. Bxc1 Rxc1 39. Rb6 Qe7 40. Qe4 Bg6 41. Qg4 Kh7 42. Rxa6 Rc2 43. Rc6 Rxb2 44. Rc4 Ra2 45. Ra4 h5 46. Qb4 Rc2 47. Qe1 Qe8 48. Ra3 Qb5 49. Qg3 Qb4 50. Ra1 Qd4 51. Ra3 Rc1 52. Qg5 Qg1+ 53. Kh3 Rc2 54. Ra4 Qb1 55. a6 Ra2 56. Qh4 Qc2 57. Rxa2 Qxa2 58. f4 Qxa6 59. fxe5 Qd3+ 60. Kh2 dxe5 61. Qe7 e4 62. d6 e3 63. Bf3 Qd2+ 64. Kh3 Qf2 65. Be4 Qf1+ 66. Kg3 Qg1+ 67. Kf4 Qf2+ 68. Bf3 e2 69. Qxe2 Qd4+ 70. Kg3 Qxd6+ 71. Kg2 Qf4 0-1

[Event "Linares (zt)"]
[Site "?"]
[Date "1995.??.??"]
[Round "?"]
[White "Magem Badals, J."]
[Black "San Segundo, P."]
[Result "1-0"]
[WhiteElo "2560"]
[BlackElo "2520"]
[PlyCount "81"]
[EventDate "1995.??.??"]
[Source "ChessBase"]
[SourceDate "1995.10.01"]

1. e4 c5 2. Nf3 d6 3. d4 cxd4 4. Nxd4 Nf6 5. Nc3 Nc6 6. f3 e5 7. Nb3 Be7 8. Be3 Be6 9. Nd5 Bxd5 10. exd5 Nb4 11. c4 a5 12. Qd2 b6 13. Be2 O-O 14. O-O Nd7 15. Nc1 Na6 16. Bd1 Ndc5 17. a3 Nc7 18. Na2 a4 19. Nc3 Qd7 20. Bc2 Ra7 21. Rae1 g6 22. Qd1 Rfa8 23. f4 exf4 24. Bxf4 Bf8 25. h4 b5 26. cxb5 Nxb5 27. Na2 Bg7 28. Nb4 Nd4 29. Bb1 Rc7 30. h5 Rcc8 31. h6 Bh8 32. Bd2 Ncb3 33. Bc3 Re8 34. Nc6 Rxe1 35. Rxe1 Re8 36. Kh2 Be5+ 37. Nxe5 dxe5 38. Ba2 Qxd5 39. Bxb3 Qd8 40. Bxa4 Qh4+ 41. Kg1 1-0

[Event "76th ch-UKR Final"]
[Site "Kharkiv UKR"]
[Date "2007.11.18"]
[Round "2"]
[White "Oleksienko, M."]
[Black "Zinchenko, Ya"]
[Result "1/2-1/2"]
[WhiteElo "2587"]
[BlackElo "2491"]
[PlyCount "123"]
[EventDate "2007.11.17"]
[Source "www.chesslib.no"]
[SourceDate "2004.05.04"]

1. e4 c5 2. Nf3 d6 3. d4 cxd4 4. Nxd4 Nf6 5. Nc3 Nc6 6. f3 e5 7. Nb3 Be7 8. Be3 O-O 9. Qd2 a5 10. Bb5 Na7 11. Bd3 Be6 12. Rd1 Nc8 13. O-O a4 14. Nc1 Nb6 15. Qf2 Nc4 16. Bxc4 Bxc4 17. Rfe1 Qc8 18. a3 Nd7 19. Nd3 f5 20. Nb4 Nf6 21. Bg5 fxe4 22. Bxf6 gxf6 23. fxe4 f5 24. Ncd5 Bxd5 25. Nxd5 Bd8 26. Rf1 f4 27. g3 Qc4 28. gxf4 Qxe4 29. Qg2+ Qxg2+ 30. Kxg2 exf4 31. Rxf4 Rxf4 32. Nxf4 Bf6 33. c3 Be5 34. Nd3 Ra5 35. Re1 Rd5 36. Re3 Kf7 37. h3 Bf6 38. Rf3 Rh5 39. Rf4 b5 40. Nf2 Ke6 41. Ng4 Bg7 42. Re4+ Be5 43. Rb4 Bg7 44. Nf2 Kd7 45. Nd3 Rd5 46. Nf4 Rd2+ 47. Kf3 Kc6 48. c4 Rxb2 49. cxb5+ Kb6 50. Rxa4 Rxb5 51. Ke4 Re5+ 52. Kd3 Bh6 53. Rd4 Kc6 54. Ng2 Bg5 55. a4 Rf5 56. Rc4+ Kb6 57. h4 Bf6 58. Ne3 Rh5 59. Rb4+ Kc6 60. Rc4+ Kb6 61. Rb4+ Kc6 62. Rc4+ 1/2-1/2

[Event "Reykjavik"]
[Site "Reykjavik"]
[Date "1987.??.??"]
[Round "?"]
[White "Arnason, Jon L"]
[Black "Petursson, Margeir"]
[Result "1-0"]
[WhiteElo "2540"]
[BlackElo "2535"]
[PlyCount "61"]
[EventDate "1987.02.??"]
[Source "ChessBase"]

1. e4 c5 2. Nf3 d6 3. d4 cxd4 4. Nxd4 Nf6 5. Nc3 Nc6 6. Be3 Ng4 7. Bb5 Nxe3 8. fxe3 Bd7 9. O-O e6 10. Bxc6 bxc6 11. e5 dxe5 12. Qh5 Qe7 13. Qxe5 Qc5 14. Qg3 f5 15. Rad1 O-O-O 16. Rd3 h5 17. Rfd1 h4 18. Qf3 Be7 19. b4 Qc4 20. b5 Kc7 21. Qf4+ Kb7 22. bxc6+ Bxc6 23. Rb1+ Ka8 24. Qc7 Rxd4 25. exd4 Bf6 26. h3 Bxd4+ 27. Kh2 Bf6 28. Na4 Qe4 29. Nb6+ axb6 30. Ra3+ Ba4 31. Qxb6 1-0

[Event "Capablanca mem-A"]
[Site "CUB"]
[Date "1994.??.??"]
[Round "1"]
[White "Spangenberg, Hugo"]
[Black "Zapata, Alonso"]
[Result "1/2-1/2"]
[WhiteElo "2510"]
[BlackElo "2565"]
[PlyCount "123"]
[EventDate "1994.??.??"]
[Source "ChessBase"]

1. e4 c5 2. Nf3 d6 3. d4 cxd4 4. Nxd4 Nf6 5. Nc3 Nc6 6. g3 Bd7 7. Bg2 g6 8. Nde2 Bg7 9. O-O O-O 10. h3 a6 11. Nd5 Nxd5 12. exd5 Ne5 13. Nd4 Rc8 14. b3 Be8 15. c4 b5 16. f4 Nd7 17. Be3 Nc5 18. cxb5 axb5 19. Qd2 Rb8 20. Rac1 b4 21. Rc4 Qa5 22. Rfc1 Bd7 23. Nc6 Bxc6 24. dxc6 Bc3 25. Qc2 Ne6 26. Rd1 Nc7 27. a4 Rfd8 28. Qf2 e6 29. Ba7 Rbc8 30. Bb6 Qa8 31. f5 d5 32. fxe6 fxe6 33. Rxc3 bxc3 34. Qf6 c2 35. Rc1 Rf8 36. Qc3 Qb8 37. Qe3 e5 38. Bxc7 Qxc7 39. Bxd5+ Kg7 40. Rxc2 Qd6 41. Qc5 Qf6 42. c7 h5 43. Bb7 h4 44. Rc1 Qg5 45. Rc3 Qf5 46. Kh2 Qg5 47. gxh4 Qd2+ 48. Bg2 Qf4+ 49. Kh1 Rf7 50. a5 Qf6 51. Qb6 Qxh4 52. Rc4 Qg3 53. a6 Rd7 54. Rc1 e4 55. a7 Rcxc7 56. Rxc7 Rxc7 57. a8=Q Rc1+ 58. Qg1 Rxg1+ 59. Kxg1 Qe3+ 60. Kf1 Qd3+ 61. Kf2 Qd2+ 62. Kf1 1/2-1/2

[Event "Srbija i Crna Gora"]
[Site "?"]
[Date "2004.??.??"]
[Round "?"]
[White "Popovic, Pe"]
[Black "Damljanovic, B."]
[Result "1/2-1/2"]
[WhiteElo "2500"]
[BlackElo "2575"]
[PlyCount "47"]
[EventDate "2004.??.??"]
[Source "Chess Informant"]
[SourceDate "2004.06.01"]

1. e4 c5 2. Nf3 d6 3. d4 cxd4 4. Nxd4 Nf6 5. Nc3 Nc6 6. f3 e5 7. Nb3 Be7 8. Be3 O-O 9. Qd2 a5 10. Bb5 Be6 11. Nd5 Bxd5 12. exd5 Na7 13. Be2 Nc8 14. Rd1 Nb6 15. c4 Qc7 16. Rc1 Na4 17. O-O Nd7 18. Kh1 Nac5 19. Nxc5 Nxc5 20. Bd1 Rfb8 21. Be2 g6 22. g4 Bf6 23. b3 Bg7 24. Bd1 1/2-1/2

[Event "Cannes op"]
[Site "Cannes"]
[Date "1998.??.??"]
[Round "5"]
[White "Korneev, Oleg"]
[Black "Pelletier, Yannick"]
[Result "1-0"]
[WhiteElo "2560"]
[BlackElo "2515"]
[PlyCount "85"]
[EventDate "1998.02.21"]
[Source "ChessBase"]
[SourceDate "1998.04.29"]

1. e4 c5 2. Nf3 d6 3. d4 cxd4 4. Nxd4 Nf6 5. Nc3 Nc6 6. f3 e5 7. Nb3 Be6 8. Nd5 Bxd5 9. exd5 Nb4 10. Bb5+ Nd7 11. Be3 Qc7 12. O-O Be7 13. Qd2 Na6 14. Qa5 Bd8 15. Qa3 Nab8 16. c4 b6 17. Nd2 O-O 18. b4 a6 19. Rac1 Be7 20. Kh1 Qb7 21. Ba4 a5 22. Ne4 axb4 23. Qxb4 Qa7 24. Bc6 Qa3 25. Bd2 Qxb4 26. Bxb4 Nxc6 27. dxc6 Nc5 28. Nc3 Rac8 29. Nd5 Bg5 30. Bxc5 dxc5 31. f4 exf4 32. c7 Rfe8 33. Rb1 Re6 34. Rfe1 Rxe1+ 35. Rxe1 Kf8 36. Rb1 Bf6 37. Rxb6 Be5 38. Rb7 Ke8 39. Nb6 Rxc7 40. Rb8+ Ke7 41. Nd5+ Kd7 42. Nxc7 Kxc7 43. Rb5 1-0

[Event "XXIV Open"]
[Site "Cappelle La Grande FRA"]
[Date "2008.02.18"]
[Round "3"]
[White "Panarin, M."]
[Black "Vovk, Y."]
[Result "1/2-1/2"]
[WhiteElo "2511"]
[BlackElo "2561"]
[PlyCount "80"]
[EventDate "2008.02.16"]
[Source "www.chesslib.no"]
[SourceDate "2004.05.04"]

1. e4 c5 2. Nf3 d6 3. d4 cxd4 4. Nxd4 Nf6 5. Nc3 Nc6 6. f3 e5 7. Nb3 Be7 8. Be3 O-O 9. Qd2 a5 10. Bb5 Be6 11. Rd1 Na7 12. Bd3 Nc6 13. Bb5 Na7 14. Bd3 Nc8 15. O-O Nb6 16. Qf2 Nc4 17. Bxc4 Bxc4 18. Rfe1 Qe8 19. a4 Qc6 20. Bb6 Bd8 21. Bxd8 Rfxd8 22. Nd2 Be6 23. Ndb1 Rac8 24. Rd2 Qc5 25. b3 Kf8 26. Nb5 Qxf2+ 27. Kxf2 d5 28. exd5 Rxd5 29. Rxd5 Nxd5 30. N1a3 Nb4 31. Rxe5 Nxc2 32. Nxc2 Rxc2+ 33. Kg3 Bxb3 34. Nd4 Rc3 35. Rxa5 Rd3 36. Nxb3 Rxb3 37. Rc5 Ke7 38. Rc7+ Ke6 39. a5 Rb2 40. a6 bxa6 1/2-1/2

[Event "Kiev Spring"]
[Site "Kiev"]
[Date "2000.03.30"]
[Round "9"]
[White "Vorobiov, Evgeny E"]
[Black "Baklan, Vladimir"]
[Result "0-1"]
[WhiteElo "2500"]
[BlackElo "2571"]
[PlyCount "66"]
[EventDate "2000.03.22"]
[Source "ChessBase"]
[SourceDate "2000.07.27"]

1. e4 c5 2. Nf3 d6 3. d4 cxd4 4. Nxd4 Nf6 5. Nc3 Nc6 6. f3 e5 7. Nb3 Be7 8. Be3 O-O 9. Qd2 a5 10. Bb5 Na7 11. Bd3 Nc6 12. a3 a4 13. Nc1 Be6 14. N1e2 d5 15. exd5 Nxd5 16. Nxd5 Qxd5 17. Nc3 Qd8 18. O-O f5 19. Rad1 Bf6 20. Qf2 Qb8 21. Qe2 Kh8 22. Bb5 Nd4 23. Bxd4 exd4 24. Nxa4 Qd8 25. c4 Bf7 26. Rfe1 Qc7 27. Qc2 f4 28. c5 Bg6 29. Bd3 Bxd3 30. Rxd3 Qa5 31. Re6 Qxa4 32. Qxa4 Rxa4 33. Rb6 Rc4 0-1